000 00960nam a22002537a 4500
005 20170124102931.0
010 _aB-205238
020 _c225.00
_a8188631140
035 _aB-205238
037 _bCen Lib/Ret
040 _aDPL
_bHN
082 _a613.28
_bचौधरी
100 _aचौधरी, ऋचा
_95680
245 _aपोषण विज्ञान
_cऋचा चौधरी
246 _aPoshan vigyan /
_bby Richa Chaudhary
260 _aदिल्ली
_bकुनाल प्रकाशन
_c2006
270 _aएल-४६, गली-5, शिव मार्ग, करतार नगर
_bदिल्ली
_e110053
300 _a214पृ.
_c20सेमी (सजिल्द)
650 _aपोषण विज्ञान
_945003
650 _aपोषण
_945004
650 _aNutrition Sciences
_945005
650 _aNutrition
_99307
942 _2ddc
_cHN
_h613.28
_mचौधरी
999 _c111902
_d111902